000 00551nam a22002177a 4500
003 OSt
005 20160906142013.0
008 160906b xxu||||| |||| 00| 0 eng d
020 _a9788120350724
040 _cDDC
082 _a384 KAU 2015
100 _aKaul, Asha
_96732
245 _a Effective Business Communication
250 _a2nd ed.
260 _aDelhi; PHI Learning, 2015
300 _axv,235p; ill: 24cm
504 _aIndex included
650 _aBusiness communication
_95408
650 _aCommunication
_91820
942 _2z
_cSLOAN
999 _c5152
_d5152